000 00359nam a22001217a 4500
082 _a333.79
_bREP
_cD
245 _aReport of prime mininster task force on energy
_cGovt of Pakistan
260 _aPakistan
_bTask Force on Energy
_c1994
300 _a47 p. :
_bill,
_c24 cm.
526 _a0
_b0
_c0
_d333_790000000000000_REP
650 _aD
_96527
942 _2ddc
_cBK
999 _c541937
_d541937